[Event "Ostrava Konik op"]
[Site "Ostrava"]
[Date "2014.05.01"]
[Round "6"]
[White "Gerekova, Eliska"]
[Black "Prokop, Tomas"]
[Result "0-1"]
[WhiteElo "1233"]
[BlackElo "1866"]
[PlyCount "80"]
[EventDate "2014.04.26"]
[EventType "swiss"]
[EventRounds "9"]
[EventCountry "CZE"]
[SourceTitle "CBM 160 Extra"]
[Source "ChessBase"]
[SourceDate "2014.07.01"]
[SourceVersion "1"]
[SourceVersionDate "2014.07.01"]
[SourceQuality "1"]

1. e4 b6 2. d4 Bb7 3. Nc3 c5 4. Nf3 cxd4 5. Nxd4 Nc6 6. Be3 e6 7. Bc4 h6 8. Qd2 Nf6 9. f3 Be7 10. 0-0-0 Na5 11. Bb3 Nxb3+ 12. Nxb3 d5 13. e5 Nd7 14. Qd4 Bc5 15. Qf4 g5 16. Qg3 Bxe3+ 17. Kb1 Bf4 18. Qf2 Bxe5 19. Rd3 Rc8 20. Re1 Qf6 21. Qd2 Nc5 22. Nxc5 bxc5 23. Rde3 Bf4 24. Nb5 d4 25. Qd1 dxe3 26. Nd6+ Bxd6 27. Qxd6 Qe7 28. Qxe7+ Kxe7 29. Rxe3 f5 30. Kc1 Rhd8 31. g3 Kf6 32. g4 Rd6 33. c4 Rcd8 34. gxf5 Kxf5 35. Kc2 Kf4 36. Re1 Bxf3 37. Rf1 Rd2+ 38. Kc1 Rd1+ 39. Rxd1 Rxd1+ 40. Kc2 Rh1 0-1

[Event "Ostrava Konik op-B"]
[Site "Ostrava"]
[Date "2012.04.30"]
[Round "3"]
[White "Brzezny, Petr"]
[Black "Prokop, Tomas"]
[Result "1/2-1/2"]
[WhiteElo "1709"]
[BlackElo "1792"]
[PlyCount "91"]
[EventDate "2012.04.28"]
[EventType "swiss"]
[EventRounds "9"]
[EventCountry "CZE"]
[SourceTitle "CBM 148 Extra"]
[Source "ChessBase"]
[SourceDate "2012.06.22"]
[SourceVersion "1"]
[SourceVersionDate "2012.06.22"]
[SourceQuality "1"]

1. c4 Nf6 2. Nc3 c5 3. g3 Nc6 4. Bg2 g6 5. e3 Bg7 6. Nge2 0-0 7. d4 cxd4 8. exd4 a6 9. 0-0 d6 10. h3 Bd7 11. Be3 Rb8 12. c5 Qc8 13. Kh2 dxc5 14. dxc5 e5 15. Na4 Qc7 16. Nb6 Be6 17. Qd6 Qxd6 18. cxd6 Rfd8 19. Rfd1 Bf8 20. Bxc6 bxc6 21. Rac1 Nd5 22. Rxc6 Nb4 23. Rc7 Rxd6 24. Rxd6 Bxd6 25. Ra7 Nc2 26. Na4 Nxe3 27. fxe3 Bf8 28. Rc7 Bxa2 29. Kg2 Rb4 30. Nec3 Bc4 31. Kf3 e4+ 32. Kf2 Kg7 33. g4 Bd6 34. Rd7 Be5 35. Rd2 Bf6 36. Nc5 Bd3 37. Nxd3 exd3 38. Ke1 Bh4+ 39. Kd1 Bg5 40. Nd5 Rb3 41. Nf4 Bxf4 42. exf4 a5 43. Ke1 a4 44. Kf2 a3 45. bxa3 Rxa3 46. g5 1/2-1/2

[Event "Ostrava op"]
[Site "Ostrava"]
[Date "2009.05.08"]
[Round "7"]
[White "Tyn, Marek"]
[Black "Prokop, Tomas"]
[Result "1/2-1/2"]
[WhiteElo "1695"]
[BlackElo "1810"]
[PlyCount "57"]
[EventDate "2009.05.02"]
[EventType "swiss"]
[EventRounds "9"]
[EventCountry "CZE"]
[SourceTitle "EXT 2011"]
[Source "ChessBase"]
[SourceDate "2010.11.26"]
[SourceVersion "1"]
[SourceVersionDate "2010.11.26"]
[SourceQuality "1"]

1. e4 d6 2. d4 c5 3. Nf3 cxd4 4. Nxd4 Nc6 5. Be3 Nf6 6. Nc3 g6 7. Qd2 a6 8. f3 Bg7 9. Bc4 Bd7 10. Bb3 Rc8 11. h4 h5 12. 0-0-0 b5 13. Nxc6 Bxc6 14. Bg5 a5 15. Bd5 Bd7 16. Rhe1 a4 17. e5 dxe5 18. Bxf6 Bxf6 19. Bxf7+ Kxf7 20. Qxd7 Qxd7 21. Rxd7 Bxh4 22. Rxe5 Bf6 23. Re4 Bxc3 24. Rdxe7+ Kf6 25. bxc3 Rxc3 26. R4e6+ Kf5 27. Re5+ Kf6 28. R7e6+ Kf7 29. Re7+ 1/2-1/2

[Event "Moravia-Silesia Region-chT 0708"]
[Site "Czech Republic"]
[Date "2008.03.30"]
[Round "10.7"]
[White "Prokop, Tomas"]
[Black "Zdrazil, Tomas"]
[Result "0-1"]
[WhiteElo "1807"]
[BlackElo "2037"]
[PlyCount "99"]
[EventDate "2007.10.28"]
[EventType "team-tourn"]
[EventRounds "11"]
[EventCountry "CZE"]
[SourceTitle "EXT 2024"]
[Source "ChessBase"]
[SourceDate "2023.10.10"]
[SourceVersion "1"]
[SourceVersionDate "2023.10.10"]
[SourceQuality "1"]

1. c4 Nf6 2. Nf3 g6 3. g3 Bg7 4. Bg2 d6 5. Nc3 0-0 6. d3 e5 7. Bg5 h6 8. Bd2 Be6 9. Qc1 Kh7 10. h4 Nc6 11. Nd5 Nh5 12. Be3 Ne7 13. Nxe7 Qxe7 14. Nh2 f5 15. Bf3 f4 16. gxf4 Nxf4 17. Qd2 c6 18. 0-0-0 d5 19. Rdg1 dxc4 20. Be4 Bd5 21. h5 Bxe4 22. dxe4 Nxh5 23. Ng4 Nf4 24. Rh2 Rad8 25. Qc2 h5 26. Qxc4 Qe6 27. Qxe6 Nxe6 28. f3 a6 29. Nf2 Nf4 30. Nh3 Nxh3 31. Rxh3 Bh6 32. Bxh6 Kxh6 33. Rhg3 Rf6 34. Rg5 Re6 35. Kc2 Rh8 36. R1g2 Kg7 37. Kc3 Kf7 38. Kc4 b6 39. e3 Rd8 40. Kc3 Rd1 41. Rd2 Rxd2 42. Kxd2 Kf6 43. Rg1 Rd6+ 44. Ke2 g5 45. f4 gxf4 46. exf4 exf4 47. Kf3 Rd2 48. Kxf4 Rf2+ 49. Ke3 Rxb2 50. Rh1 0-1

[Event "Moravia-Silesia Region-chT 0708"]
[Site "Czech Republic"]
[Date "2007.11.11"]
[Round "2.6"]
[White "Prokop, Tomas"]
[Black "Sindler, Michal"]
[Result "0-1"]
[WhiteElo "1807"]
[BlackElo "2148"]
[PlyCount "64"]
[EventDate "2007.10.28"]
[EventType "team-tourn"]
[EventRounds "11"]
[EventCountry "CZE"]
[SourceTitle "EXT 2024"]
[Source "ChessBase"]
[SourceDate "2023.10.10"]
[SourceVersion "1"]
[SourceVersionDate "2023.10.10"]
[SourceQuality "1"]

1. c4 Nf6 2. Nc3 e6 3. d4 d5 4. cxd5 exd5 5. Nf3 c6 6. Bg5 Be7 7. e3 h6 8. Bxf6 Bxf6 9. Bd3 0-0 10. 0-0 Bg4 11. h3 Be6 12. Ne5 c5 13. f4 cxd4 14. exd4 Qb6 15. Bc2 Nc6 16. Ne2 Bxe5 17. fxe5 Nxe5 18. Kh1 Nc6 19. Qd3 f5 20. a3 Rae8 21. g4 Bc8 22. gxf5 Re4 23. f6 Nxd4 24. fxg7 Rxf1+ 25. Rxf1 Nxe2 26. Qxd5+ Be6 27. Qd3 Bc4 28. Qf3 Rf4 29. Bh7+ Kxh7 30. g8Q+ Bxg8 31. Qxe2 Rxf1+ 32. Qxf1 Bd5+ 0-1

[Event "Moravia-Silesia Region-chT 0708"]
[Site "Czech Republic"]
[Date "2007.10.28"]
[Round "1.7"]
[White "Prokop, Tomas"]
[Black "Samu, Pavel"]
[Result "0-1"]
[WhiteElo "1807"]
[BlackElo "1973"]
[PlyCount "86"]
[EventDate "2007.10.28"]
[EventType "team-tourn"]
[EventRounds "11"]
[EventCountry "CZE"]
[SourceTitle "EXT 2024"]
[Source "ChessBase"]
[SourceDate "2023.10.10"]
[SourceVersion "1"]
[SourceVersionDate "2023.10.10"]
[SourceQuality "1"]

1. c4 Nf6 2. Nc3 c5 3. Nf3 Nc6 4. g3 d5 5. cxd5 Nxd5 6. Bg2 Nc7 7. d3 e5 8. Be3 f6 9. Rc1 Rb8 10. 0-0 Be7 11. a3 0-0 12. Ne4 b6 13. b4 f5 14. Neg5 f4 15. Qb3+ Kh8 16. Bxf4 exf4 17. Nf7+ Rxf7 18. Qxf7 fxg3 19. hxg3 Be6 20. Qh5 Qd5 21. Qxd5 Nxd5 22. d4 Nxd4 23. Nxd4 cxd4 24. Bxd5 Bxd5 25. Rc7 Bf6 26. Rxa7 h6 27. Rc1 Re8 28. Kf1 b5 29. a4 Bc4 30. Rxc4 bxc4 31. Rc7 c3 32. b5 Ra8 33. b6 Rb8 34. a5 Bd8 35. Rc5 Bxb6 36. axb6 Rxb6 37. Kg2 Rb1 38. Kf3 Re1 39. Ke4 Rxe2+ 40. Kxd4 Rxf2 41. Rxc3 Re2 42. Re3 Rxe3 43. Kxe3 Kh7 0-1

[Event "Ostrava Konik op-B"]
[Site "Ostrava"]
[Date "2007.05.??"]
[Round "5"]
[White "Herman, Pavel"]
[Black "Prokop, Tomas"]
[Result "0-1"]
[WhiteElo "1895"]
[BlackElo "1825"]
[PlyCount "80"]
[EventDate "2007.05.??"]
[EventType "swiss"]
[EventRounds "9"]
[EventCountry "CZE"]
[SourceTitle "EXT 2010"]
[Source "ChessBase"]
[SourceDate "2010.11.25"]
[SourceVersion "1"]
[SourceVersionDate "2010.11.25"]
[SourceQuality "1"]

1. c4 c5 2. Nc3 Nc6 3. Nf3 Nf6 4. g3 g6 5. Bg2 Bg7 6. d4 cxd4 7. Nxd4 0-0 8. Nb3 d6 9. 0-0 Be6 10. Nd5 Bxd5 11. cxd5 Na5 12. Nd4 Rc8 13. b3 Qb6 14. Rb1 Nxd5 15. Bxd5 Qxd4 16. Be3 Qxd1 17. Rfxd1 Nc6 18. a4 b6 19. b4 e6 20. Bg2 d5 21. f4 Rc7 22. Bd2 Nd4 23. Kf1 f5 24. a5 b5 25. Be3 Nc2 26. Bc5 Rxc5 27. bxc5 Ne3+ 28. Kf2 Nxd1+ 29. Rxd1 Rc8 30. c6 a6 31. Rc1 Rc7 32. e3 Kf7 33. Bf1 Bf8 34. Bxb5 axb5 35. a6 Bd6 36. Ra1 Ra7 37. Ra5 b4 38. Rb5 Ke7 39. Rb7+ Rxb7 40. cxb7 Bb8 0-1

[Event "Ostrava Konik op-B"]
[Site "Ostrava"]
[Date "2007.05.??"]
[Round "9"]
[White "Kral, Pavel"]
[Black "Prokop, Tomas"]
[Result "0-1"]
[WhiteElo "1620"]
[BlackElo "1825"]
[PlyCount "100"]
[EventDate "2007.05.??"]
[EventType "swiss"]
[EventRounds "9"]
[EventCountry "CZE"]
[SourceTitle "EXT 2010"]
[Source "ChessBase"]
[SourceDate "2010.11.25"]
[SourceVersion "1"]
[SourceVersionDate "2010.11.25"]
[SourceQuality "1"]

1. e4 c5 2. Nc3 Nc6 3. Nf3 g6 4. Bc4 Bg7 5. Ne2 d6 6. h3 Nf6 7. d3 a6 8. a3 0-0 9. Nf4 b5 10. Bb3 e6 11. c4 b4 12. 0-0 bxa3 13. Rxa3 Rb8 14. Ba4 Nb4 15. Re1 e5 16. Ne2 Bd7 17. Nc3 Bxa4 18. Rxa4 Qd7 19. Re2 Nh5 20. Ne1 f5 21. Kh2 f4 22. Nf3 h6 23. b3 g5 24. Ng1 Nf6 25. f3 h5 26. Nd5 Nfxd5 27. cxd5 Qb5 28. Rd2 Rf6 29. Ba3 Rc8 30. Qe2 Kh7 31. Bxb4 cxb4 32. Rc2 Rff8 33. Rc4 a5 34. Qc2 Rxc4 35. dxc4 Qc5 36. Qa2 Ra8 37. Qd2 Bf6 38. Ra2 Kg7 39. Qe1 Bd8 40. Ra4 Bb6 41. g3 Qxg1+ 42. Qxg1 Bxg1+ 43. Kxg1 fxg3 44. Ra2 Kf6 45. Kg2 h4 46. Ra1 Ke7 47. f4 gxf4 48. Kf3 Kf6 49. Kg4 Rg8+ 50. Kf3 g2 0-1

[Event "Ostrava Konik op-B"]
[Site "Ostrava"]
[Date "2007.05.??"]
[Round "8"]
[White "Prokop, Tomas"]
[Black "Samiec, Pavel"]
[Result "0-1"]
[WhiteElo "1825"]
[BlackElo "1670"]
[PlyCount "70"]
[EventDate "2007.05.??"]
[EventType "swiss"]
[EventRounds "9"]
[EventCountry "CZE"]
[SourceTitle "EXT 2010"]
[Source "ChessBase"]
[SourceDate "2010.11.25"]
[SourceVersion "1"]
[SourceVersionDate "2010.11.25"]
[SourceQuality "1"]

1. c4 Nf6 2. Nf3 e6 3. g3 c5 4. Bg2 Nc6 5. 0-0 Be7 6. Nc3 0-0 7. d4 cxd4 8. Nxd4 a6 9. b3 Qc7 10. Bb2 Bc5 11. Nxc6 dxc6 12. e3 Rd8 13. Qe2 e5 14. Rad1 Bg4 15. f3 Bh5 16. g4 Bg6 17. Kh1 Rxd1 18. Rxd1 Rd8 19. e4 h6 20. Na4 Bd4 21. Bxd4 Rxd4 22. c5 Qd8 23. Nc3 Ne8 24. Bf1 Nc7 25. Rxd4 Qxd4 26. Qc4 Ne6 27. b4 Ng5 28. Kg2 Qd2+ 29. Be2 Qe1 30. a3 h5 31. Qd3 f6 32. Bf1 hxg4 33. fxg4 Nxe4 34. Nd1 Nd2 35. Qe2 Be4+ 0-1

[Event "Ostrava SMP op"]
[Site "Ostrava"]
[Date "2006.05.02"]
[Round "4"]
[White "Prokop, Tomas"]
[Black "Trapl, Dalibor"]
[Result "1/2-1/2"]
[WhiteElo "1857"]
[BlackElo "1651"]
[PlyCount "89"]
[EventDate "2006.04.29"]
[EventType "swiss"]
[EventRounds "9"]
[EventCountry "CZE"]
[SourceTitle "EXT 2008"]
[Source "ChessBase"]
[SourceDate "2007.11.25"]
[SourceVersion "1"]
[SourceVersionDate "2007.11.25"]
[SourceQuality "1"]

1. c4 c5 2. Nf3 Nf6 3. g3 Nc6 4. Bg2 g6 5. Nc3 Bg7 6. d3 d5 7. cxd5 Nxd5 8. Bd2 0-0 9. 0-0 b6 10. Nxd5 Qxd5 11. Bc3 Bb7 12. Qb3 Nd4 13. Qxd5 Bxd5 14. Nxd4 Bxg2 15. Kxg2 cxd4 16. Bd2 Rac8 17. Rac1 e5 18. f4 Rfe8 19. Rxc8 Rxc8 20. Rc1 Rxc1 21. Bxc1 Bh6 22. Kf3 f5 23. e4 dxe3 24. Bxe3 Bg7 25. b3 Kf7 26. fxe5 Bxe5 27. b4 Ke6 28. b5 Kd5 29. a4 Bd4 30. Ke2 h5 31. h4 Be5 32. Bf4 Bxf4 33. gxf4 Kd4 34. Kd2 Kd5 35. Ke3 Ke6 36. d4 Kd6 37. Kd2 Ke6 38. Kc2 Kd6 39. Kd3 Ke6 40. Kc4 Kd6 41. Kd3 Ke6 42. Kc3 Kd5 43. Kd3 Ke6 44. Kc4 Kd6 45. d5 1/2-1/2

[Event "Ostrava SMP op"]
[Site "Ostrava"]
[Date "2006.04.29"]
[Round "1"]
[White "Kratochvil, Vit"]
[Black "Prokop, Tomas"]
[Result "1-0"]
[WhiteElo "1630"]
[BlackElo "1857"]
[PlyCount "53"]
[EventDate "2006.04.29"]
[EventType "swiss"]
[EventRounds "9"]
[EventCountry "CZE"]
[SourceTitle "EXT 2008"]
[Source "ChessBase"]
[SourceDate "2007.11.25"]
[SourceVersion "1"]
[SourceVersionDate "2007.11.25"]
[SourceQuality "1"]

1. e4 c5 2. c3 g6 3. d4 cxd4 4. cxd4 Bg7 5. Nf3 d6 6. Bc4 Nf6 7. Nc3 0-0 8. 0-0 Nc6 9. h3 a6 10. a4 Na5 11. Ba2 e6 12. Bg5 h6 13. Bh4 g5 14. Bg3 Nc6 15. Rc1 Nh5 16. Bh2 Nf4 17. Bxf4 gxf4 18. Qd2 Qf6 19. Rfd1 Ne7 20. e5 dxe5 21. dxe5 Qf5 22. Bb1 Qh5 23. Qxf4 Ng6 24. Bxg6 fxg6 25. Qe4 g5 26. Ne2 Rb8 27. Rc7 1-0